[Event "Championnat de France - Open A"]
[Site "Pau"]
[Date "2008.08.22"]
[Round "10.74"]
[White "Cheron, Stephane"]
[Black "Cruz, Manuel"]
[Result "1/2-1/2"]
[WhiteElo "1990"]
[BlackElo "2001"]
[PlyCount "45"]

1. e4 d6 2. d4 Nf6 3. Nc3 g6 4. Nf3 Bg7 5. h3 c6 6. Be3 O-O 7. Qd2 Nbd7 8. Rd1
Qc7 9. Bh6 e5 10. dxe5 dxe5 11. h4 Nc5 12. Bd3 Bg4 13. Be3 Ne6 14. Ne2 Rad8 15.
Qc3 Nh5 16. Nh2 Bxe2 17. Bxe2 Nhf4 18. g3 Ng2+ 19. Kf1 Nxe3+ 20. Qxe3 Rxd1+ 21.
Bxd1 Rd8 22. Be2 Nd4 23. Bd3 1/2-1/2

[Event "Championnat de France - Open A"]
[Site "Pau"]
[Date "2008.08.22"]
[Round "10.75"]
[White "Lambert, Thierry"]
[Black "Cartigny, Patrick"]
[Result "1/2-1/2"]
[WhiteElo "2000"]
[BlackElo "2020"]
[PlyCount "66"]

1. d4 c5 2. d5 Nf6 3. c4 e6 4. Nc3 exd5 5. cxd5 Bd6 6. e4 O-O 7. Nf3 Re8 8. Bd3
c4 9. Bc2 Bb4 10. Nd2 Bxc3 11. bxc3 Nxd5 12. O-O Nf6 13. Nxc4 Nxe4 14. Bf4 d5
15. Ne3 Be6 16. c4 Nf6 17. Bg5 d4 18. Nf5 Nc6 19. Re1 h6 20. Bh4 Kf8 21. Qf3 g5
22. Bg3 Bxf5 23. Qxf5 Rxe1+ 24. Rxe1 Qa5 25. Qxa5 Nxa5 26. Be5 Ne8 27. Bxd4
Nxc4 28. Bb3 b5 29. Bc5+ Kg8 30. f3 a5 31. Rc1 Ned6 32. Rd1 Ra6 33. Rd5 a4 {
suite illisible} 1/2-1/2

[Event "Championnat de France - Open A"]
[Site "Pau"]
[Date "2008.08.22"]
[Round "10.76"]
[White "Auvray, Simon"]
[Black "Vaillant, Stephane"]
[Result "1/2-1/2"]
[WhiteElo "1920"]
[BlackElo "2016"]
[PlyCount "87"]

1. e4 e6 2. d4 d5 3. Nd2 Nf6 4. e5 Nfd7 5. Bd3 c5 6. c3 Nc6 7. Ne2 Qb6 8. Nf3
cxd4 9. cxd4 f6 10. exf6 Nxf6 11. O-O Bd6 12. Nc3 a6 13. a3 O-O 14. Be3 Bd7 15.
Ne5 Be8 16. b4 Bh5 17. g4 Be8 18. g5 Nd7 19. Nxd7 Bxd7 20. Bxh7+ Kf7 21. Ne4
Qc7 22. Qh5+ Ke7 23. Nc5 b6 24. Nxd7 Qxd7 25. f4 Kd8 26. Rac1 Ne7 27. Bd3 Nf5
28. Bxf5 Rxf5 29. Bd2 b5 30. Rfe1 Rc8 31. Qg6 Rxc1 32. Bxc1 Ke7 33. Qxg7+ Rf7
34. Qg8 e5 35. Qh8 Qg4+ 36. Kf2 e4 37. Rg1 Qf3+ 38. Ke1 Bxf4 39. Bxf4 Rxf4 40.
Qe5+ Kd7 41. Qxd5+ Ke7 42. Qe5+ Kd7 43. Qd5+ Ke7 44. Qe5+ 1/2-1/2

[Event "Championnat de France - Open A"]
[Site "Pau"]
[Date "2008.08.23"]
[Round "11.1"]
[White "Buscara, Sevan"]
[Black "Renaudin, Mathieu"]
[Result "1/2-1/2"]
[WhiteElo "2159"]
[BlackElo "2146"]
[PlyCount "21"]

1. d4 Nf6 2. Nf3 e6 3. Bf4 b6 4. e3 Be7 5. Bd3 Bb7 6. Nbd2 c5 7. c3 d5 8. Ne5
O-O 9. Qf3 Nc6 10. Qh3 Qc8 11. Bg5 1/2-1/2

[Event "Championnat de France - Open A"]
[Site "Pau"]
[Date "2008.08.23"]
[Round "11.2"]
[White "Lambert, Romain"]
[Black "Marcantoni, Herve"]
[Result "1/2-1/2"]
[WhiteElo "1953"]
[BlackElo "2198"]
[PlyCount "27"]

1. d4 Nf6 2. c4 g6 3. Nc3 Bg7 4. e4 O-O 5. Nf3 d6 6. Be2 c5 7. O-O cxd4 8. Nxd4
Nc6 9. Be3 Nxd4 10. Bxd4 Bd7 11. Qd2 a5 12. b3 Bc6 13. f3 Nd7 14. Be3 1/2-1/2

[Event "Championnat de France - Open A"]
[Site "Pau"]
[Date "2008.08.23"]
[Round "11.3"]
[White "Platel, Alexandre"]
[Black "Brongers, Henk"]
[Result "1-0"]
[WhiteElo "2190"]
[BlackElo "2070"]
[PlyCount "63"]

1. e4 c6 2. c4 d5 3. exd5 cxd5 4. cxd5 Nf6 5. Qa4+ Nbd7 6. Nc3 g6 7. Bc4 Bg7 8.
d3 O-O 9. Nge2 Nb6 10. Qb3 Nfd7 11. Be3 Nxc4 12. dxc4 b6 13. O-O Ba6 14. Rfd1
Ne5 15. Nb5 Qd7 16. Ned4 Rac8 17. Rac1 Ng4 18. a4 Bb7 19. Nxa7 Nxe3 20. fxe3
Ra8 21. Nab5 Bh6 22. Ra1 Rfc8 23. Qd3 Qg4 24. b3 e6 25. Nd6 exd5 26. Nxb7 dxc4
27. bxc4 Re8 28. Nc2 Bg7 29. Rab1 Rxa4 30. Qd7 Qxd7 31. Rxd7 Rxc4 32. Nd6 1-0

[Event "Championnat de France - Open A"]
[Site "Pau"]
[Date "2008.08.23"]
[Round "11.4"]
[White "Zarrouati, Pierre"]
[Black "Gozzoli, Cyrille"]
[Result "1/2-1/2"]
[WhiteElo "2188"]
[BlackElo "2104"]
[PlyCount "49"]

1. d4 Nf6 2. Nf3 d5 3. c4 c6 4. e3 e6 5. Be2 Nbd7 6. Nc3 Bd6 7. O-O O-O 8. Qc2
dxc4 9. Bxc4 b5 10. Bd3 Bb7 11. e4 e5 12. h3 h6 13. Be3 a6 14. dxe5 Nxe5 15.
Nxe5 Bxe5 16. Rad1 Qc8 17. f4 Bb8 18. Qf2 c5 19. Bxc5 b4 20. Na4 Qc6 21. b3 Re8
22. e5 Nh5 23. Be2 Nxf4 24. Bf3 Qxf3 25. Kh1 {suite illisible} 1/2-1/2

[Event "Championnat de France - Open A"]
[Site "Pau"]
[Date "2008.08.23"]
[Round "11.5"]
[White "Chamaillard, Sylvain"]
[Black "Prodhomme, Boris"]
[Result "0-1"]
[WhiteElo "2109"]
[BlackElo "2151"]
[PlyCount "64"]

1. b3 d5 2. Bb2 Nf6 3. Nf3 Bg4 4. e3 c5 5. h3 Bh5 6. Bb5+ Nbd7 7. g4 Bg6 8. Ne5
a6 9. Bxd7+ Nxd7 10. Nxg6 hxg6 11. Qf3 e6 12. d3 Rh7 13. c4 dxc4 14. dxc4 Qc7
15. Nd2 Bd6 16. O-O-O Ne5 17. Qe2 f5 18. e4 O-O-O 19. exf5 exf5 20. Rhe1 Nc6
21. Qe6+ Kb8 22. Qxg6 Rxh3 23. Qxf5 Bf4 24. Qxc5 Rhd3 25. Re2 Qd7 26. Qf5 Bxd2+
27. Rdxd2 Rxd2 28. Qf4+ Rd6 29. c5 Qf7 30. Be5 Nxe5 31. Qxe5 Qf6 32. Qxf6 Rd1+
0-1

[Event "Championnat de France - Open A"]
[Site "Pau"]
[Date "2008.08.23"]
[Round "11.6"]
[White "Manoeuvre, Antoine"]
[Black "Beghin, Ronan"]
[Result "1-0"]
[WhiteElo "2095"]
[BlackElo "2110"]
[PlyCount "89"]

1. d4 d5 2. c4 c6 3. Nf3 Nf6 4. Nc3 e6 5. Bg5 h6 6. Bh4 dxc4 7. e4 g5 8. Bg3 b5
9. Be2 Bb7 10. O-O Nbd7 11. Qc2 Be7 12. Rad1 Qb6 13. Ne5 Nxe5 14. Bxe5 Rg8 15.
Kh1 O-O-O 16. a4 Rd7 17. f3 a6 18. axb5 cxb5 19. b3 cxb3 20. Qxb3 Nh5 21. Rc1
Kd8 22. Rfd1 Nf4 23. Bf1 Ng6 24. Bg3 Ke8 25. Bf2 Kf8 26. Na4 Qd8 27. Nc5 Rc7
28. d5 exd5 29. exd5 Bd6 30. Nxb7 Rxb7 31. Rc6 a5 32. Bxb5 Ne7 33. Ra6 Qb8 34.
Rb1 g4 35. Be3 Nf5 36. fxg4 Rxg4 37. Qd3 Nxe3 38. Qxe3 Rh4 39. h3 Re7 40. Qc3
Kg8 41. Qxa5 Qc8 42. Ra8 Bb8 43. Bf1 Qf5 44. Raxb8+ Kg7 45. Qc3+ 1-0

[Event "Championnat de France - Open A"]
[Site "Pau"]
[Date "2008.08.23"]
[Round "11.7"]
[White "Dionisi, Thomas"]
[Black "Veron, Cyprien"]
[Result "1-0"]
[WhiteElo "2067"]
[BlackElo "2098"]
[PlyCount "121"]

1. e4 e5 2. Nf3 Nc6 3. Bb5 Nf6 4. O-O Nxe4 5. d4 Nd6 6. Bxc6 dxc6 7. dxe5 Nf5
8. Qxd8+ Kxd8 9. Nc3 Ne7 10. Nd1 h6 11. Ne3 Ke8 12. c4 g5 13. h3 Bg7 14. Ng4
Bxg4 15. hxg4 Ng6 16. b3 Rd8 17. Bb2 c5 18. g3 Ke7 19. Rfe1 Rhe8 20. Re2 Kf8
21. Rae1 Re6 22. Ba3 b6 23. Bb2 a5 24. a4 Rd3 25. Re3 Rxe3 26. Rxe3 Re8 27. Kf1
Ke7 28. Re4 Kd8 29. Re3 Kc8 30. Ke2 Kb7 31. Kd3 c6 32. Bc3 Ka6 33. Re2 Nf8 34.
Nd2 Ne6 35. Re4 b5 36. f4 b4 37. Bb2 Kb6 38. f5 Nd4 39. Bxd4 cxd4 40. f6 Bf8
41. Kxd4 Bc5+ 42. Kd3 Bf2 43. Re2 Bxg3 44. Nf3 Bf4 45. Ke4 h5 46. gxh5 Rh8 47.
Kf5 Rxh5 48. e6 fxe6+ 49. Rxe6 Rh3 50. Nxg5 Bxg5 51. Kxg5 Rxb3 52. f7 Rf3 53.
Rf6 Rxf6 54. Kxf6 Kc5 55. f8=Q+ Kxc4 56. Qd6 c5 57. Ke5 Kb3 58. Qxc5 Kxa4 59.
Kd4 b3 60. Kc3 b2 61. Qc4+ 1-0

[Event "Championnat de France - Open A"]
[Site "Pau"]
[Date "2008.08.23"]
[Round "11.8"]
[White "Millon, Valentin"]
[Black "Marciniak, Alexandre"]
[Result "1-0"]
[WhiteElo "1991"]
[BlackElo "2186"]
[PlyCount "111"]

1. e4 c5 2. Nf3 e6 3. d4 cxd4 4. Nxd4 a6 5. Be2 Qc7 6. O-O Nf6 7. Nc3 Nc6 8.
Be3 Bb4 9. Na4 Be7 10. Nxc6 bxc6 11. Nb6 Rb8 12. Nxc8 Qxc8 13. e5 Nd5 14. Bc1
Bc5 15. c4 Ne7 16. b3 Qc7 17. Bb2 O-O 18. Bd3 Ng6 19. Qh5 d6 20. Rae1 dxe5 21.
Bxe5 Bd6 22. Bxd6 Qxd6 23. Re3 f5 24. Rd1 Nf4 25. Qg5 Rbd8 26. h3 Nxd3 27.
Rexd3 Qxd3 28. Rxd3 Rxd3 29. Qe7 Rd1+ 30. Kh2 Re1 31. Qd7 c5 32. Qc6 f4 33.
Qxc5 f3 34. gxf3 Rxf3 35. Kg2 Rf6 36. Qc8+ Kf7 37. Qxa6 Rg6+ 38. Kf3 Rf6+ 39.
Kg2 Rg6+ 40. Kh2 Re2 41. Qa7+ Kf8 42. a4 e5 43. Qa8+ Ke7 44. Qf3 Re1 45. a5 e4
46. Qc3 Re2 47. Qe5+ Kf8 48. Qf5+ Ke7 49. Qc5+ Kd7 50. Qd5+ Kc7 51. Qf7+ Kd6
52. c5+ Ke5 53. Qc7+ Kd4 54. Qf4 Kxc5 55. Qc7+ Rc6 56. b4+ 1-0

[Event "Championnat de France - Open A"]
[Site "Pau"]
[Date "2008.08.23"]
[Round "11.9"]
[White "Duchateau, Thomas"]
[Black "Garro, Pierre"]
[Result "1/2-1/2"]
[WhiteElo "2088"]
[BlackElo "2140"]
[PlyCount "101"]

1. d4 Nf6 2. c4 c5 3. d5 e6 4. Nc3 exd5 5. cxd5 d6 6. e4 g6 7. Nf3 Bg7 8. Bd3
O-O 9. h3 a6 10. a4 Re8 11. O-O Nbd7 12. Bf4 Qe7 13. Re1 Qf8 14. Qd2 Nh5 15.
Bh2 Bh6 16. Qc2 Nf4 17. Bf1 Ne5 18. Nxe5 Rxe5 19. Ne2 g5 20. g4 Qe7 21. f3 Ng6
22. Bxe5 Nxe5 23. Ra3 Qf6 24. Qc3 Bg7 25. Ng3 Qe7 26. Nh5 Bh8 27. Qd2 Ng6 28.
b4 Bd4+ 29. Kh1 Qe5 30. bxc5 Bxc5 31. Rb3 b6 32. Qb2 Bd4 33. Qc2 Bd7 34. Qc7
Nf4 35. Qxd7 Nxh5 36. gxh5 Qg3 37. Rbe3 Bxe3 38. Rxe3 Qf2 39. Qb7 Qxf1+ 40. Kh2
Qf2+ 41. Kh1 Rf8 42. Rb3 Qe1+ 43. Kg2 Qd2+ 44. Kg3 f5 45. exf5 Qf4+ 46. Kg2
Qd2+ 47. Kg3 Re8 48. Qxb6 Qf4+ 49. Kg2 Qd2+ 50. Kg3 Qf4+ 51. Kg2 1/2-1/2

[Event "Championnat de France - Open A"]
[Site "Pau"]
[Date "2008.08.23"]
[Round "11.10"]
[White "Ferry, Roger"]
[Black "David, Frederic"]
[Result "0-1"]
[WhiteElo "2120"]
[BlackElo "2054"]
[PlyCount "90"]

1. d4 d6 2. Nf3 Bg4 3. Bf4 Nf6 4. Nbd2 Nbd7 5. h3 Bf5 6. c3 c6 7. e3 e6 8. Nh4
Bg6 9. Nxg6 hxg6 10. a4 d5 11. a5 Be7 12. Bd3 O-O 13. O-O a6 14. Qe2 Re8 15.
Bh2 Bf8 16. f4 Bd6 17. Nf3 Ne4 18. Bxe4 dxe4 19. Ne5 Nf8 20. Qc2 f5 21. b4 Bxe5
22. fxe5 Qh4 23. Qf2 Qxf2+ 24. Rxf2 g5 25. c4 Red8 26. Rd2 Rd7 27. Rad1 Rad8
28. Kf1 Ng6 29. g3 Kf7 30. g4 Nh4 31. gxf5 Nxf5 32. Bg1 Nh4 33. Bh2 Nf3 34. Rf2
Rh8 35. Kg2 g4 36. Kh1 Rxh3 37. Rg1 Rh4 38. Rgg2 Rd8 39. Rxf3+ gxf3 40. Kg1
Rdh8 41. Rc2 g5 42. d5 cxd5 43. cxd5 Rxh2 44. Rxh2 Rxh2 45. Kxh2 exd5 0-1

[Event "Championnat de France - Open A"]
[Site "Pau"]
[Date "2008.08.23"]
[Round "11.11"]
[White "Fievet, Patrick"]
[Black "Grandadam, Nicolas"]
[Result "1/2-1/2"]
[WhiteElo "2091"]
[BlackElo "2112"]
[PlyCount "23"]

1. e4 c5 2. Nf3 e6 3. d4 cxd4 4. Nxd4 a6 5. Bd3 Bc5 6. Nb3 Be7 7. Nc3 Qc7 8.
Qe2 d6 9. O-O Nf6 10. Be3 O-O 11. f3 b5 12. Qf2 1/2-1/2

[Event "Championnat de France - Open A"]
[Site "Pau"]
[Date "2008.08.23"]
[Round "11.12"]
[White "Lallement, Victor"]
[Black "Ane, Cedric"]
[Result "1-0"]
[WhiteElo "2097"]
[BlackElo "2033"]
[PlyCount "119"]

1. e4 c5 2. Nf3 Nc6 3. d4 cxd4 4. Nxd4 Qb6 5. Nb3 Nf6 6. Nc3 e6 7. Be3 Qc7 8.
a3 a6 9. f4 d6 10. Bd3 b5 11. O-O Bb7 12. Qe2 h5 13. h3 Be7 14. Qf2 h4 15. Bb6
Qb8 16. Rfe1 Nd7 17. Be3 Qc7 18. Rad1 Na5 19. Nxa5 Qxa5 20. Bd4 Rg8 21. e5 dxe5
22. fxe5 b4 23. axb4 Qxb4 24. Be4 Bxe4 25. Nxe4 Rc8 26. c3 Qb5 27. Nd6+ Bxd6
28. exd6 Qg5 29. Re4 Rc6 30. Be3 Qh5 31. Rdd4 g5 32. Rc4 Qd1+ 33. Qf1 Qxd6 34.
Rcd4 Qc7 35. Ra4 a5 36. Qb5 f6 37. Rxa5 Ke7 38. Ra7 Qc8 39. Rd4 Rd8 40. Bxg5
Rc7 41. Rxc7 Qxc7 42. Bxh4 Ra8 43. Rd1 Qc5+ 44. Qxc5+ Nxc5 45. Rf1 Rf8 46. Bf2
Nd7 47. b4 Rc8 48. Rc1 Ne5 49. Bc5+ Kf7 50. Rd1 Ra8 51. b5 Rc8 52. Bd4 Nc4 53.
b6 e5 54. Bf2 Ke7 55. Rb1 Rb8 56. Rb4 Na5 57. c4 Kd7 58. c5 Kc6 59. Rh4 Nb7 60.
Rh7 1-0

[Event "Championnat de France - Open A"]
[Site "Pau"]
[Date "2008.08.23"]
[Round "11.13"]
[White "Ider, Borya"]
[Black "Migot, Tanguy"]
[Result "1/2-1/2"]
[WhiteElo "2065"]
[BlackElo "2050"]
[PlyCount "83"]

1. d4 Nf6 2. Nf3 g6 3. g3 Bg7 4. Bg2 O-O 5. O-O d6 6. c4 c5 7. Nc3 cxd4 8. Nxd4
a6 9. b3 Qc7 10. Bb2 e6 11. Qd2 Nc6 12. Rfd1 Rd8 13. Rac1 Nxd4 14. Qxd4 Ne8 15.
Qd2 Bd7 16. Ne4 Bc6 17. Bxg7 Bxe4 18. Bb2 Bxg2 19. Kxg2 Rac8 20. h4 Qc6+ 21. f3
Rc7 22. h5 f6 23. hxg6 hxg6 24. Qh6 Rg7 25. g4 g5 26. Bxf6 Nxf6 27. Qxf6 Re8
28. Rh1 Qd7 29. Rh5 Qf7 30. Qh6 Qf4 31. Rd1 Qe5 32. Kf2 d5 33. Rh3 d4 34. Rd3
Qf4 35. Rh1 e5 36. e4 Kf7 37. Qd6 Qf6 38. Qd5+ Kg6 39. Rh5 Rd8 40. Qa5 Rf7 41.
Qe1 Rh8 42. Qh1 1/2-1/2

[Event "Championnat de France - Open A"]
[Site "Pau"]
[Date "2008.08.23"]
[Round "11.14"]
[White "Baudson, Charles"]
[Black "Debray, Tristan"]
[Result "1/2-1/2"]
[WhiteElo "2041"]
[BlackElo "2145"]
[PlyCount "30"]

1. e4 d5 2. Nc3 Nf6 3. exd5 Nxd5 4. Bc4 Nb6 5. Bb3 Nc6 6. d3 Bf5 7. Nf3 e6 8.
Be3 Be7 9. Qd2 Bf6 10. h3 Nd5 11. Nxd5 exd5 12. O-O-O h6 13. Bc5 Qd7 14. Rde1+
Be6 15. Ba4 a6 1/2-1/2

[Event "Championnat de France - Open A"]
[Site "Pau"]
[Date "2008.08.23"]
[Round "11.15"]
[White "Redon, Bruno"]
[Black "Galby, Vassili"]
[Result "1/2-1/2"]
[WhiteElo "2164"]
[BlackElo "2086"]
[PlyCount "38"]

1. d4 Nf6 2. c4 g6 3. Nc3 Bg7 4. Nf3 O-O 5. Bg5 d6 6. e3 c6 7. Be2 a6 8. O-O b5
9. a3 Nbd7 10. Qc2 Bb7 11. h3 bxc4 12. Bxc4 c5 13. Be2 cxd4 14. Nxd4 Qa5 15.
Bh4 Rfc8 16. Qd2 Ne5 17. b4 Qb6 18. Rac1 Nd5 19. Na4 Qd8 1/2-1/2

[Event "Championnat de France - Open A"]
[Site "Pau"]
[Date "2008.08.23"]
[Round "11.16"]
[White "Derieux, Christian"]
[Black "Lagunes, Jean-Renaud"]
[Result "0-1"]
[WhiteElo "2149"]
[BlackElo "2047"]
[PlyCount "102"]

1. d4 g6 2. c4 d6 3. Nc3 Bg7 4. e4 Nf6 5. Nge2 a6 6. Ng3 h5 7. Be2 c6 8. O-O b5
9. e5 dxe5 10. dxe5 Ng4 11. Qxd8+ Kxd8 12. f4 Be6 13. h3 Nh6 14. Be3 h4 15.
Nge4 Nf5 16. Bb6+ Ke8 17. Ng5 Ng3 18. Rfd1 Nxe2+ 19. Nxe2 Nd7 20. Nxe6 fxe6 21.
Rxd7 Kxd7 22. Rd1+ Ke8 23. c5 Rc8 24. Nd4 Kf7 25. Nf3 Rh5 26. Ng5+ Rxg5 27.
fxg5 Bxe5 28. Rf1+ Kg7 29. b3 Bd4+ 30. Kh1 Be3 31. Re1 Bxg5 32. Rxe6 Bf6 33.
Kg1 Kf7 34. Re4 e5 35. Ba5 Ke6 36. Be1 Kf5 37. Rg4 g5 38. Kf2 Rd8 39. Ke3 Rd1
40. Bc3 Rf1 41. Ke2 Rf4 42. Rxf4+ gxf4 43. Ba5 e4 44. Bc7 Bg5 45. Bd6 Ke6 46.
Kd2 b4 47. Ke2 Kd5 48. Kd2 f3+ 49. Ke1 fxg2 50. Kf2 Kd4 51. Kxg2 Kd3 0-1

[Event "Championnat de France - Open A"]
[Site "Pau"]
[Date "2008.08.23"]
[Round "11.17"]
[White "Favarel, Antoine"]
[Black "Jeanjean, Dominique"]
[Result "1/2-1/2"]
[WhiteElo "2074"]
[BlackElo "2140"]
[PlyCount "35"]

1. e4 e5 2. Nf3 Nc6 3. Bb5 a6 4. Bxc6 dxc6 5. O-O Qd6 6. d4 exd4 7. Nxd4 Bd7 8.
Be3 O-O-O 9. Nd2 Qg6 10. f4 f5 11. e5 Ne7 12. c4 c5 13. N4f3 b6 14. a3 Nc6 15.
Qe2 Nd4 16. Bxd4 cxd4 17. Qd3 Be7 18. Rae1 1/2-1/2

[Event "Championnat de France - Open A"]
[Site "Pau"]
[Date "2008.08.23"]
[Round "11.18"]
[White "Forestier, Carole"]
[Black "Ralle, Pierre"]
[Result "1/2-1/2"]
[WhiteElo "2067"]
[BlackElo "2113"]
[PlyCount "114"]

1. d4 Nf6 2. c4 e6 3. Nf3 Bb4+ 4. Bd2 Qe7 5. g3 O-O 6. Bg2 Bxd2+ 7. Nbxd2 d6 8.
e4 e5 9. d5 Bg4 10. O-O a5 11. b3 Na6 12. a3 Ra7 13. b4 axb4 14. axb4 Rfa8 15.
Qb3 Bxf3 16. Bxf3 Qf8 17. Qb2 Nb8 18. Rxa7 Rxa7 19. Ra1 Rxa1+ 20. Qxa1 Nbd7 21.
Nb3 b6 22. Bg2 Qb8 23. f4 Qe8 24. Nd2 h6 25. Bf3 Qb8 26. Nb3 Qb7 27. Qa4 Qb8
28. Qa1 Kh7 29. Kg2 Qg8 30. c5 bxc5 31. bxc5 Qb8 32. Qc3 Qe8 33. cxd6 cxd6 34.
Qb4 Qc8 35. Be2 Qc2 36. Qc4 Qxc4 37. Bxc4 exf4 38. gxf4 Nxe4 39. Nd4 Kg8 40.
Nf5 Ndc5 41. h4 h5 42. Be2 g6 43. Ne3 Kg7 44. f5 Kf6 45. fxg6 fxg6 46. Nc4 Ke7
47. Kf3 Nc3 48. Ne3 Nxe2 49. Kxe2 Kf6 50. Nc4 Nb7 51. Ke3 g5 52. hxg5+ Kxg5 53.
Kf3 h4 54. Kg2 Kg4 55. Ne3+ Kf4 56. Nc4 Ke4 57. Kh3 Kxd5 1/2-1/2

[Event "Championnat de France - Open A"]
[Site "Pau"]
[Date "2008.08.23"]
[Round "11.19"]
[White "Carre, Sylvain"]
[Black "Vuillermoz, Robert"]
[Result "1/2-1/2"]
[WhiteElo "2044"]
[BlackElo "2105"]
[PlyCount "25"]

1. c4 e5 2. g3 Nf6 3. Bg2 c6 4. Nc3 Bc5 5. e3 O-O 6. Nge2 d5 7. cxd5 Nxd5 8.
Nxd5 cxd5 9. d4 Bb4+ 10. Bd2 Bxd2+ 11. Qxd2 e4 12. O-O Bd7 13. Nc3 1/2-1/2

[Event "Championnat de France - Open A"]
[Site "Pau"]
[Date "2008.08.23"]
[Round "11.20"]
[White "Loiseau, Quentin"]
[Black "Lamberti, Hugo"]
[Result "1-0"]
[WhiteElo "2028"]
[BlackElo "2101"]
[PlyCount "127"]

1. Nf3 Nf6 2. c4 g6 3. Nc3 Bg7 4. e4 d6 5. d4 O-O 6. Be2 e5 7. Be3 Nc6 8. d5
Ne7 9. Nd2 Ne8 10. f3 f5 11. c5 f4 12. Bf2 g5 13. Rc1 Rf7 14. a4 Ng6 15. cxd6
cxd6 16. Nb5 Nh4 17. Rg1 b6 18. Qb3 Bf8 19. Na3 Rg7 20. Bb5 Bd7 21. Bc6 Bxc6
22. Rxc6 g4 23. fxg4 Rxg4 24. Nf3 Be7 25. g3 fxg3 26. Rxg3 Rxg3 27. hxg3 Ng6
28. Nb5 Qd7 29. Nd2 Nh8 30. Qc2 Nf7 31. Nc7 Nxc7 32. Rxc7 Qe8 33. Qc6 Qxc6 34.
Rxc6 Kf8 35. Nb1 Ke8 36. Nc3 Kd7 37. Nb5 Bd8 38. Be3 a6 39. Na3 Rc8 40. Rc4
Rxc4 41. Nxc4 b5 42. axb5 axb5 43. Na3 b4 44. Nc2 h5 45. Ke2 b3 46. Na1 h4 47.
gxh4 Bxh4 48. Nxb3 Bg5 49. Nd2 Bxe3 50. Kxe3 Kc7 51. Nc4 Kb7 52. Kf3 Ka6 53.
Kg4 Kb5 54. Nd2 Kc5 55. Kf5 Nd8 56. b3 Kd4 57. Nf3+ Ke3 58. Ng5 Nb7 59. b4 Nd8
60. b5 Nb7 61. b6 Kd4 62. Nf7 Kc5 63. Ke6 Kxb6 64. Nxd6 1-0

[Event "Championnat de France - Open A"]
[Site "Pau"]
[Date "2008.08.23"]
[Round "11.21"]
[White "Laurent, Maxime"]
[Black "Ruffenach, Alain"]
[Result "0-1"]
[WhiteElo "2033"]
[BlackElo "2100"]
[PlyCount "42"]

1. Nf3 Nf6 2. g3 g6 3. Bg2 Bg7 4. O-O O-O 5. c4 d6 6. Nc3 e5 7. d3 c6 8. Qc2
Qe7 9. Rb1 a5 10. a3 Bf5 11. Nh4 Be6 12. b4 axb4 13. axb4 d5 14. cxd5 cxd5 15.
Bg5 Nc6 16. b5 Nd4 17. Qd2 Rfc8 18. Rfc1 Qa3 19. Bxf6 Bxf6 20. Nxd5 Rxc1+ 21.
Rxc1 Bxd5 0-1

[Event "Championnat de France - Open A"]
[Site "Pau"]
[Date "2008.08.23"]
[Round "11.22"]
[White "Poignot, Quentin"]
[Black "Menneveux, Jerome"]
[Result "1-0"]
[WhiteElo "2087"]
[BlackElo "2027"]
[PlyCount "61"]

1. e4 e5 2. d4 Nf6 3. dxe5 Nxe4 4. Bc4 Nc5 5. Nf3 Be7 6. O-O O-O 7. Nc3 Nc6 8.
Nd5 h6 9. Bf4 b6 10. Qd2 Ba6 11. Bxa6 Nxa6 12. Rad1 Nc5 13. Rfe1 a5 14. c3 a4
15. Nd4 Nxd4 16. cxd4 Ne6 17. Bg3 Ra5 18. Ne3 Bg5 19. d5 Bxe3 20. Qxe3 Nc5 21.
Qd4 Qg5 22. h4 Qf5 23. Re3 Rb5 24. Bf4 Re8 25. Rg3 Kf8 26. e6 f6 27. Bxc7 dxe6
28. d6 Nd7 29. Qxa4 Rxb2 30. Qxd7 Qxf2+ 31. Kh2 1-0

[Event "Championnat de France - Open A"]
[Site "Pau"]
[Date "2008.08.23"]
[Round "11.23"]
[White "Guezennec, Franck"]
[Black "Durandeau, Jean-Marie"]
[Result "1-0"]
[WhiteElo "2190"]
[BlackElo "1956"]
[PlyCount "61"]

1. e4 c5 2. Nf3 Nc6 3. d4 cxd4 4. Nxd4 Nf6 5. Nc3 e5 6. Ndb5 d6 7. Bg5 a6 8.
Na3 b5 9. Bxf6 gxf6 10. Nd5 Bg7 11. c3 f5 12. exf5 Bxf5 13. Nc2 Be6 14. Nce3
O-O 15. Bd3 f5 16. Bc2 e4 17. Nf4 Bd7 18. Qxd6 b4 19. O-O bxc3 20. bxc3 Ne5 21.
Ne6 Rf6 22. Rad1 Rxe6 23. Bb3 Qf6 24. Nd5 Qg5 25. Nc7 Nf3+ 26. Kh1 Be5 27. Qxd7
Kh8 28. Nxe6 Qh4 29. Qd8+ Rxd8 30. Rxd8+ Qxd8 31. Nxd8 1-0

[Event "Championnat de France - Open A"]
[Site "Pau"]
[Date "2008.08.23"]
[Round "11.24"]
[White "Moucheroud, Jeremy"]
[Black "Kieffer, Christian"]
[Result "1/2-1/2"]
[WhiteElo "2012"]
[BlackElo "2148"]
[PlyCount "155"]

1. e4 c5 2. Nf3 Nc6 3. Nc3 d6 4. d4 cxd4 5. Nxd4 e5 6. Nf3 Be7 7. Be2 Nf6 8.
Bg5 O-O 9. O-O Be6 10. Qd2 Ne8 11. Rad1 h6 12. Bxe7 Qxe7 13. Nd5 Bxd5 14. Qxd5
Nf6 15. Qc4 Rfc8 16. c3 Nd4 17. Qd3 Nxf3+ 18. Bxf3 Rc6 19. Qe3 b5 20. Rd2 a5
21. a4 bxa4 22. Ra1 Rc4 23. Qd3 Rac8 24. Qxd6 Qxd6 25. Rxd6 Rb8 26. Ra2 Nxe4
27. Rd5 a3 28. Rxa3 Rxb2 29. h3 a4 30. Rxe5 Nxc3 31. Re3 Rb1+ 32. Kh2 Rc1 33.
Bg4 g6 34. Bd7 Rc2 35. Re8+ Kg7 36. Ra8 Rxf2 37. Bxa4 Nxa4 38. R8xa4 Rcc2 39.
Rg3 h5 40. h4 Rc7 41. Rf3 Rxf3 42. gxf3 Re7 43. Ra5 Kf6 44. Kg3 Re5 45. Ra7 Rd5
46. Rb7 Ke6 47. Kf4 f6 48. Rb6+ Rd6 49. Rb4 Rd5 50. Rb6+ Kf7 51. Rb7+ Kg8 52.
Ra7 Re5 53. Rb7 Re8 54. Ra7 Rf8 55. Rb7 Rf7 56. Rb6 Kg7 57. Ra6 Rc7 58. Rb6
Rc4+ 59. Kg3 g5 60. hxg5 fxg5 61. Rb7+ Kf6 62. Rb6+ Ke7 63. Rb5 h4+ 64. Kh3 Kf6
65. Ra5 Rf4 66. Kg2 Rf5 67. Ra6+ Kg7 68. Rb6 Rf6 69. Rb5 Kg6 70. Ra5 Kh6 71.
Rb5 Rd6 72. Rb2 Rd3 73. Rb6+ Kh5 74. Rb2 h3+ 75. Kxh3 Rxf3+ 76. Kg2 Rc3 77. Rb4
g4 78. Rb8 1/2-1/2

[Event "Championnat de France - Open A"]
[Site "Pau"]
[Date "2008.08.23"]
[Round "11.25"]
[White "Beaucoudray, Marc"]
[Black "Nguyen-Huu, Hoang"]
[Result "0-1"]
[WhiteElo "2010"]
[BlackElo "2129"]
[PlyCount "70"]

1. e4 c6 2. d4 Qc7 3. Nf3 d6 4. Bf4 Nd7 5. Nc3 e5 6. Bg3 Ngf6 7. h3 Be7 8. Qd2
O-O 9. Be2 Re8 10. O-O b5 11. a3 a6 12. b4 Bf8 13. Bd3 g6 14. Rfe1 Bg7 15. Bh2
Bb7 16. dxe5 Nxe5 17. Nxe5 dxe5 18. Na2 c5 19. bxc5 Qxc5 20. Qb4 Qc7 21. Nc1
Rac8 22. Nb3 Nd7 23. Kh1 Nb6 24. Bg1 Bf8 25. Qa5 Qc6 26. Rac1 Nc4 27. Bxc4 Qxc4
28. f3 Red8 29. Rf1 Rd7 30. Bf2 Bh6 31. Rcd1 Bf4 32. g3 Rxd1 33. Rxd1 Qxc2 34.
Rd8+ Kg7 35. gxf4 Qxf2 0-1

[Event "Championnat de France - Open A"]
[Site "Pau"]
[Date "2008.08.23"]
[Round "11.26"]
[White "Samoun, Florent"]
[Black "Le Hetet, Nicolas"]
[Result "1/2-1/2"]
[WhiteElo "2006"]
[BlackElo "2123"]
[PlyCount "99"]

1. e4 c5 2. Nc3 Nc6 3. g3 g6 4. Bg2 Bg7 5. d3 d6 6. Be3 e6 7. Qd2 Rb8 8. Nge2
Nd4 9. Nd1 b5 10. O-O Ne7 11. c3 Nxe2+ 12. Qxe2 e5 13. b4 Qc7 14. a4 a6 15. Qa2
Be6 16. Qa3 c4 17. d4 O-O 18. dxe5 dxe5 19. Bc5 Bh6 20. Ne3 Bxe3 21. Bxe3 Rfd8
22. a5 Rd3 23. Rfe1 Re8 24. Bf1 Rd7 25. Qc1 f6 26. Qc2 Qb7 27. Bb6 Nc8 28. Bc5
Red8 29. Rad1 Bg4 30. Be2 Bxe2 31. Qxe2 Kf7 32. f3 Ke8 33. Kf1 Qc6 34. Kg2 Qe6
35. Rxd7 Qxd7 36. Qe3 Qd2+ 37. Re2 Qxe3 38. Bxe3 Rd3 39. Bd2 Ke7 40. Kf2 Nd6
41. Be1 Ke6 42. Rd2 Rxd2+ 43. Bxd2 f5 44. Ke3 Ne8 45. h3 Nf6 46. g4 Ne8 47. Be1
fxe4 48. fxe4 Nc7 49. Kf3 Kf6 50. Bh4+ 1/2-1/2